00513cam a22002051 4500001001300000003000400013005001700017008004100034010001700075035002000092040001800112050001500130100002200145245003200167260001700199300003400216500001500250650002500265999001700290sa 64003597 DLC20260227112018.0890405s1962 xx 000 0 benr  asa 64003597  a(OCoLC)23571931 aDLCcMiUdDLC00aG464b.H831 aHusain, Shahadat.10aBipula, bipula pṛthibī. a[n.p.c1962] a183 p.billus., port.c23 cm. aRomanized. 0aVoyages and travels. c58019d58019